Haiku /
České haiku, v kterém se ve třech řádcích výstižně vyjadřují různé emoce. Láska k přírodě, k lidem a Bohu.
Uloženo v:
| Hlavní autor: | |
|---|---|
| Médium: | E-kniha |
| Jazyk: | Czech |
| Vydáno: |
Praha :
Tribun EU,
2018
|
| Tagy: |
Žádné tagy |
| LEADER | 01045nam a22002297i 4500 | ||
|---|---|---|---|
| 001 | 310972 | ||
| 007 | ta | ||
| 008 | 260601s2018 xr ||||| |||| 00| 0 cze d | ||
| 020 | |a 9990001800956 | ||
| 044 | |a xr | ||
| 100 | 1 | |a Moon, Anna |4 aut | |
| 245 | 1 | 0 | |a Haiku / |c Moon, Anna |
| 264 | 1 | |a Praha : |b Tribun EU, |c 2018 | |
| 300 | |a 1 online zdroj (203 stran) | ||
| 336 | |a text |b txt |2 rdacontent | ||
| 337 | |a bez média |b n |2 rdamedia | ||
| 338 | |a online zdroj |b cr |2 rdacarrier | ||
| 520 | 2 | |a České haiku, v kterém se ve třech řádcích výstižně vyjadřují různé emoce. Láska k přírodě, k lidem a Bohu. | |
| 910 | |a RBIT002 | ||
| 998 | |d 180095 |a https://core.palmknihy.cz/api/books/180095/cover?pik48g |b https://core.palmknihy.cz/api/books/180095/cover/400?pik48g |c https://core.palmknihy.cz/api/books/180095/cover/50?pik48g |e |g 203 |i 9990001800956 |j https://core.palmknihy.cz/api/books/180095/preview.epub |k https://core.palmknihy.cz/api/books/180095/preview.pdf |l |q 49 |r 1 |s https://www.palmknihy.cz/kniha/180095 |t ebook |y 2018 |z 1 | ||
| 999 | |d 310970 | ||